书目信息 |
| 题名: |
水浒全传
|
|
| 作者: | 施耐庵, , 罗贯中, 著 | |
| 分册: | ||
| 出版信息: | 长春 吉林文史出版社 2006.01 |
|
| 页数: | 737页 | |
| 开本: | 21cm | |
| 丛书名: | 双色绘图中国古典文学名著文库 | |
| 单 册: | ||
| 中图分类: | I242.49 | |
| 科图分类: | ||
| 主题词: | 古典小说--gu dian xiao shuo--中国--明代 , 章回小说--zhang hui xiao shuo--中国--明代 , 长篇小说--chang pian xiao shuo--中国--明代 | |
| 电子资源: | ||
| ISBN: | 7-80702-339-2 | |
| 000 | 01120nam 2200277 450 | |
| 001 | 012007172636 | |
| 005 | 20070930094430.01 | |
| 010 | @a7-80702-339-2@dCNY36.00 | |
| 100 | @a20070809d2006 km y0chiy0120 ea | |
| 101 | 0 | @achi |
| 102 | @aCN@b220000 | |
| 105 | @aa z 000ay | |
| 200 | 1 | @a水浒全传@Ashui hu quan chuan@f施耐庵, 罗贯中著@Fshi nai an,luo guan zhong zhu |
| 210 | @a长春@c吉林文史出版社@d2006.01 | |
| 215 | @a737页@c图@d21cm | |
| 225 | 2 | @a双色绘图中国古典文学名著文库@Ashuang se hui tu zhong guo gu dian wen xue ming zhu wen ku |
| 330 | @a本书是一部中国明代的章回体小说,该书讲的是北宋宣和年间宋江等聚众起义的故事,叙写了梁山泊起义发生、发展和失败的全过程,反映了封建社会日益激化的矛盾与斗争。 | |
| 410 | 0 | @12001 @a双色绘图中国古典文学名著文库 |
| 606 | 0 | @a古典小说@Agu dian xiao shuo@y中国@z明代 |
| 606 | 0 | @a章回小说@Azhang hui xiao shuo@y中国@z明代 |
| 606 | 0 | @a长篇小说@Achang pian xiao shuo@y中国@z明代 |
| 690 | @aI242.49@v4 | |
| 701 | 0 | @a施耐庵,@Ashi nai an@f约1296-1370@4著 |
| 701 | 0 | @a罗贯中,@Aluo guan zhong@f约1330-1400@4著 |
| 801 | 0 | @aCN@c20070930 |
| 905 | @dI242.49@eS495 | |
| 水浒全传/施耐庵, 罗贯中著.-长春:吉林文史出版社,2006.01 |
| 737页:图;21cm.-(双色绘图中国古典文学名著文库) |
| ISBN 7-80702-339-2:CNY36.00 |
| 本书是一部中国明代的章回体小说,该书讲的是北宋宣和年间宋江等聚众起义的故事,叙写了梁山泊起义发生、发展和失败的全过程,反映了封建社会日益激化的矛盾与斗争。 |
| ● |
| 相关链接 |
|
|
|
正题名:水浒全传
索取号:I242.49/S495
 
预约/预借
| 序号 | 登录号 | 条形码 | 馆藏地/架位号 | 状态 | 备注 |
| 1 | 256500 | 202565009 | 社科二线400B/400B社科库 19排4列1层/ [索取号:I242.49/S495] | 在馆 | |
| 2 | 256501 | 202565018 | 文学库108/400B社科库 20排3列3层/ [索取号:I242.49/S495] | 在馆 | |
| 3 | 256502 | 202565027 | 文学库108/400B社科库 20排3列3层/ [索取号:I242.49/S495] | 在馆 |